| 000 | 00324nam a2200121Ia 4500 | ||
|---|---|---|---|
| 008 | 210430s9999 xx 000 0 und d | ||
| 082 | _a541.394 H835 C | ||
| 100 |
_aJames E.Hosuse _954001 |
||
| 245 |
_aPrinciples of Chemical Kinetics _cJames E.Hosuse |
||
| 260 |
_aUSA _bElsevier _c2007 |
||
| 300 | _a326p | ||
| 942 |
_cBK _2ddc |
||
| 999 |
_c564423 _d564423 |
||